[Event "YUG-chT"]
[Site "Tivat"]
[Date "1995.??.??"]
[Round "2"]
[White "Laketic, Gojko"]
[Black "Todorovic, Goran M"]
[Result "0-1"]
[WhiteElo "2420"]
[BlackElo "2465"]
[Annotator "Gagarin,V"]
[PlyCount "63"]
[EventDate "1995.??.??"]
[EventType "team-swiss"]
[EventRounds "11"]
[EventCountry "YUG"]
[SourceTitle "CBM 048 Extra"]
[Source "ChessBase"]
[SourceDate "1995.11.01"]
[SourceVersion "1"]
[SourceVersionDate "1995.11.01"]
[SourceQuality "1"]

1. d4 d5 2. Nf3 e6 3. c4 c5 4. cxd5 exd5 5. g3 Nf6 6. Bg2 Be7 7. O-O O-O 8. b3
Ne4 9. Bb2 Bf6 10. Nc3 Nc6 11. Na4 b6 12. Rc1 Ba6 (12... Re8 $5 13. dxc5 Bxb2
14. Nxb2 bxc5) 13. dxc5 Bxb2 14. Nxb2 bxc5 15. Nd2 $5 (15. Nd3) (15. Na4) 15...
Qf6 $146 (15... Nd4 $5 16. Re1 Qa5 $5 (16... Nf6 $6 17. Na4 (17. Rxc5 $6 Qe7)
17... Qe7 18. e4 dxe4 19. Nxc5 Bb5 20. a4 Bc6 21. Ndxe4 Rad8 22. Rc4 Ne6 23.
Qc1 Nxe4 24. Nxe6 fxe6 25. Bxe4 $18 {Doncevic,D-Schmid,G/BRD(Bundesliga)/1990/
1:0/80/}) (16... Nxf2 17. Kxf2 Qf6+ 18. Kg1 Nxe2+ (18... Rae8 $2 19. Nd3 Nxe2+
20. Rxe2 Bxd3 21. Rxe8 Rxe8 22. Nf3 $16 {Daly,C-Muir,A/Debrecen(Europe-cht)/
1992/1:0/56/}) 19. Rxe2 Bxe2 20. Qxe2 Qxb2 21. Rxc5 $5 $14) 17. Nxe4 dxe4 18.
e3 (18. Bxe4 Rad8 $44) 18... Nf3+ 19. Bxf3 Rad8 $1 20. Qc2 (20. Bxe4 $6 Rxd1
21. Rexd1 Qxa2 $17) 20... exf3 $13) 16. Nxe4 dxe4 17. Bxe4 Rad8 18. Nd3 Nd4 19.
Re1 Rfe8 20. Bg2 Qe7 (20... Qe6 $5 21. Bf1 c4 22. Nf4 Qc8 23. bxc4 Nf3+ 24.
exf3 Rxd1 25. Rexd1 $14) 21. Bf1 h5 22. Rc3 $2 (22. e3 $1 Nc6 23. Qf3 Bxd3 24.
Qxc6 Bxf1 25. Rxf1 $16) 22... Qe4 23. Qc1 $5 (23. Nxc5 $6 Nf3+ 24. exf3 Qxe1
25. Qxe1 Rxe1 26. Nxa6 Rdd1 27. Rc8+ Kh7 28. Rc7 Rxf1+ 29. Kg2 Rg1+ 30. Kh3 Rd2
$36 {>< Kh3/}) 23... Bxd3 24. Rxd3 Qxd3 25. exd3 Nf3+ 26. Kg2 Nxe1+ 27. Kh1 (
27. Kh3 $5) 27... Rd5 (27... Nxd3 $2 28. Bxd3 Rxd3 29. Qxc5 $16) 28. Qf4 Rde5
$5 (28... Nxd3 29. Qf3 Red8 30. Bxd3 Rxd3 31. Qxh5 Rd2 32. Qg5 $5 f6 33. Qxc5
Rxa2 34. Qe7 Rdd2 35. Qe8+ $10) 29. d4 cxd4 $2 (29... Re4 30. Qc7 cxd4 31. Bc4
R4e7 $15) 30. Bc4 R5e7 31. Qxd4 Kh7 $2 (31... Nf3 32. Qd5 Ne5 33. Bb5 Rc8 $14)
32. Qf4 $1 $138 (32. Qf4 f6 (32... Kg8 33. Qf5 $16) 33. Qd6 $1 {/\ Bb5/} Re4
34. Bf7 R8e7 (34... R8e5 $2 35. Qd8 $18) 35. Bxh5 g6 36. Bg4 $16) 0-1

[Event "Olympiad-23"]
[Site "Buenos Aires"]
[Date "1978.11.08"]
[Round "13"]
[White "Timman, Jan H"]
[Black "Gligoric, Svetozar"]
[Result "1/2-1/2"]
[WhiteElo "2585"]
[BlackElo "2565"]
[Annotator "Gligoric,S"]
[PlyCount "47"]
[EventDate "1978.10.25"]
[EventType "team-swiss"]
[EventRounds "14"]
[EventCountry "ARG"]
[SourceTitle "EXT 2000"]
[Source "ChessBase"]
[SourceDate "1999.11.16"]
[SourceVersion "1"]
[SourceVersionDate "1999.11.16"]
[SourceQuality "1"]
[WhiteTeam "Netherlands"]
[BlackTeam "Yugoslavia"]
[WhiteTeamCountry "NED"]
[BlackTeamCountry "YUG"]

{Inf.26/546} 1. d4 d5 2. c4 e6 3. Nc3 c5 4. cxd5 exd5 5. Nf3 Nc6 6. g3 Nf6 7.
Bg2 Be7 8. O-O O-O 9. Bg5 cxd4 10. Nxd4 h6 11. Be3 Re8 12. Rc1 Bf8 13. Nxc6
bxc6 14. Na4 Qa5 $5 15. b3 (15. Rxc6 $2 Bd7) 15... Qb5 16. Qc2 Bd7 17. Nc3 Qb4
$1 18. Rcd1 Qg4 $11 (18... Rxe3 $6) 19. Bd4 Bf5 20. Qc1 Qg6 21. Rfe1 Ne4 $15
22. Nxe4 Bxe4 23. Bxe4 Rxe4 24. Bc5 (24. Bc5 a5) 1/2-1/2

[Event "Linares Anibal op 08th"]
[Site "Linares"]
[Date "2001.01.18"]
[Round "11"]
[White "Golod, Vitali"]
[Black "Potkin, Vladimir"]
[Result "1-0"]
[WhiteElo "2591"]
[BlackElo "2470"]
[Annotator "Golod,V"]
[PlyCount "113"]
[EventDate "2001.01.08"]
[EventType "swiss"]
[EventRounds "11"]
[EventCountry "ESP"]
[SourceTitle "CBM 081"]
[Source "ChessBase"]
[SourceDate "2001.03.20"]
[SourceVersion "1"]
[SourceVersionDate "2001.03.20"]
[SourceQuality "1"]

{[%mdl 2] This game was played in last round. At me was "+4" and I would like
to play without risk on a loss.} 1. d4 e6 2. c4 d5 3. Nf3 c5 4. cxd5 exd5 5. g3
Nf6 6. Bg2 Be7 7. O-O Nc6 8. Nc3 O-O 9. Bg5 cxd4 10. Nxd4 h6 11. Bf4 {This
variant I prepared two years ago and could apply for the first time just now.}
Bg4 $5 {It's main line.Other lines are:11...Be6,11...Bb4 and 11...Qb6.} 12. h3
Be6 $5 ({In opinion of my contender,it is much worse} 12... Bh5 {in view of:}
13. Rc1 $1 (13. Nf5 $5 {See comments to Gelfand,B-Illescas Cordoba,M/Wijk aan
Zee,1993/CBM 34(1-0)(Ftacnik,L) (40)}) 13... Re8 14. Qa4 Qb6 (14... Nxd4 15.
Qxd4 $14) 15. Ndb5 $1 Rac8 16. Be3 d4 17. Nxd4 Bc5 18. Bxc6 Rxc6 19. Nxc6 Bxe3
20. Nb4 Bxc1 21. Nbd5 Qe6 22. Nxf6+ gxf6 23. Rxc1 Bxe2 24. Nd5 $16 {Popov,
V-Potkin,V/Pardubice,2000 (0-1)(61)}) 13. Nxe6 $5 {[%mdl 4]} ({Probably, is
better at first:} 13. Rc1 $5 Qd7 $140 14. Nxe6 fxe6 {and only now:} 15. e4 $1 {
You can see comments to Illescas Cordoba,M-Martin Gonzalez,A/Linares,1998(1-0)
(Illescas Cordoba,M)(39)}) 13... fxe6 14. e4 d4 15. e5 dxc3 16. exf6 Bxf6 17.
bxc3 Qxd1 ({It deserves attention:} 17... Bxc3 $5 18. Rb1 Rf7 $5 (18... Qxd1 $5
19. Rfxd1 Rad8 20. Rxd8 (20. Be3 Rxd1+ 21. Rxd1 Bb4 $11) 20... Nxd8 21. Be3 $6
(21. Bxb7 Nxb7 22. Rxb7 Bd4 $11) 21... b6 22. Rd1 Bf6 23. Be4 $44 {Lobron,
E-Korchnoi,V/It,Bad Homburg,1998 (0-1)(42)}) 19. Rxb7 Rxb7 20. Bxc6 Qxd1 21.
Rxd1 Rab8 22. Bxb8 {1/2-1/2 Anand,V-Fritz 6/Frankfurt,1999(22)}) 18. Rfxd1 Rfd8
$6 {It already discrepancy,allowing to me to struggle for advantage. It was
necessary:} (18... Rad8 $1 19. Rac1 (19. Rxd8 $143 Rxd8 20. Rb1 Rd7 21. c4 Bd4
$11 {Akesson,R-Orsag,M/Aaland-Stockholm,1997 (1/2-1/2)(58)}) 19... Rxd1+ 20.
Rxd1 Bxc3 21. Rd6 $5 {[%csl Rc6,Re6]} ({Senselessly:} 21. Rd7 {vvidu:} Rf7 {
[%csl Yf7]}) (21. Rc1 $143 Bd4 (21... Nd4 $2 22. Kf1 $14 {[%csl Rb7,Rc3]}) 22.
Bxc6 bxc6 23. Rxc6 e5 24. Be3 Bxe3 25. fxe3 Rf3 26. Kg2 Rxe3 27. Ra6 $11) 21...
e5 $6 (21... Rd8 $5 22. Rxe6 $140 Kf7 {+/=/=}) 22. Be3 Bd4 (22... Rc8 $5 23.
Rd7 b6) 23. Rd7 Bxe3 24. fxe3 Na5 25. Bd5+ Kh7 26. Re7 Kg6 $6 (26... Rd8 $5 27.
Rxe5 $140 Nc6) 27. Rxe5 Nc6 28. Be4+ $1 $16 {Gurevich,M-Bosch,J/Castrop-Rauxel,
2000 (1-0)(41)}) ({Also dubious:} 18... Bxc3 $6 19. Rac1 Be5 (19... Nd4 $2 20.
Kf1 $18 {[%csl Rb7,Yc3,Rd4][%cal Yc3d4]}) 20. Bxe5 Nxe5 21. Bxb7 Rab8 22. Rb1
$14 {Sashikiran,K-Ravi,L/Calcutta,1999 (1-0)(87)}) 19. Rac1 $1 $146 {/\Be3(/
^g1-a7,h1-a8,<->d)} ({Was checked in the previous game:} 19. Be3 $6 Bxc3 20.
Rab1 Rxd1+ 21. Rxd1 Rd8 $6 (21... Rc8 $5 22. Rd7 b5 $11) 22. Rxd8+ Nxd8 23.
Bxa7 $14 {Dlugy,M-Vucic,M/New York,1992(0-1)(36)}) 19... Rac8 ({Can it was
necessary to decide on exchange:} 19... Rxd1+ $5 20. Rxd1 $140 Rd8 (20... Bxc3
$2 21. Rd7 $1 {[%csl Rb7,Gf4,Gg2]} (21. Bxc6 $6 bxc6 22. Rc1 Bd4 23. Rxc6 e5
$11)) 21. Rxd8+ Nxd8 (21... Bxd8 22. Be3 $14) 22. Be3 Bxc3 23. Bxa7 $14) 20.
Be3 b6 ({After:} 20... Rxd1+ 21. Rxd1 Bxc3 22. Rd7 b6 {I have very strong idea:
} 23. h4 $1 $36 {[%csl Re6][%cal Gg2h3]} (23. Bxc6 $2 Rxc6 24. Rxa7 b5 $11))
21. Rxd8+ Nxd8 ({Same idea passes after:} 21... Bxd8 22. Rd1 {[%csl Rd6,Rd7]
[%cal Gd1d7,Gd1d6]} Bf6 23. Rd7 (23. Rd6 $6 Ne7 24. Rxe6 Rxc3 $11) 23... Bxc3
24. h4 $1 $36 {[%csl Re6][%cal Gg2h3]}) 22. c4 {[%cal Gc4c5]} Be7 23. Rd1 $14 {
<->d} Rc7 $6 ({Can be recommended:} 23... Rxc4 $5 24. Rd7 Kf8 25. Rxa7 Bc5 $14)
24. Bf4 {[%csl Rc7] Black rook is banished from the seventh horizontal!} Rxc4
25. Rd7 Kf8 26. Rxa7 Bc5 27. Be5 $1 {[%csl Rg7]} Rc1+ 28. Kh2 Nf7 ({Weakly:} 
28... Bxf2 {because of:} 29. Bxg7+ Kg8 30. h4 (30. Bxh6 $4 Bg1+ 31. Kh1 Be3+
32. Kh2 Bxh6 $19) 30... Nf7 31. Bf6 {+/=/+/-}) 29. Ra8+ Ke7 30. Ra7+ Kf8 31.
Ra8+ {I wanted to reduce quantity amount of moves up to the first control.} Ke7
32. Bxg7 Bxf2 33. Ra7+ Ke8 34. Be4 b5 $1 {Differently,absolutely bad:} (34...
Bxg3+ $4 35. Kxg3 Rg1+ 36. Bg2 $18) (34... Nd6 $2 35. Bg6+ Kd8 36. Bxh6 $18)
35. Ra3 (35. Rb7 $6 Nd6 36. Bg6+ Kd8 37. Bxh6 Ra1 $132 {[%csl Ra2,Rb7]}) 35...
Ke7 36. Bg6 {[%csl Rf2,Rf7][%cal Ga3f3]} Bc5 37. Rc3 $1 {After this move I
have positional advantage and two bishops in the endgame.It's much better,than:
} (37. Rf3 Ng5 38. Bf8+ (38. Bf6+ $6 Kd6 39. Rd3+ Kc7 40. Be5+ Kb6 $11) 38...
Kd7 39. Rd3+ Kc7 40. Bxc5 (40. Bxh6 Rc2+ 41. Kh1 Nxh3 42. Rd7+ Kxd7 43. Bxc2 {
+/=/=}) 40... Rxc5 41. h4 Rc2+ 42. Kh1 Rc1+ (42... Nh3 $143 43. Rd7+ Kxd7 44.
Bxc2 Nf2+ 45. Kg2 Ng4 46. Kf3 Ne5+ 47. Kf4 Kd6 48. g4 {+/=/+/-}) 43. Kg2 Rc2+
44. Kf1 Rc1+ (44... Nh3 $2 45. Rd7+ Kxd7 46. Bxc2 $18 {[%csl Rh3][%cal Gf1g2]})
45. Kf2 Rc2+ 46. Ke3 Nh3 {+/=/=}) 37... Rxc3 38. Bxc3 {[%csl Rb5,Rh6][%cal
Gc3d2] _|_ BB/BN} Be3 $6 ({It was necessary:} 38... Bd6 39. Bd2 (39. Kg2 $5 Ne5
40. Bh5 $14 {[%csl Rb5][%cal Gh5e2]}) 39... Ng5 40. Kg2 Kf6 41. Bd3 (41. Be8
$143 b4 42. h4 Ne4 43. Bxh6 Nxg3) 41... b4 42. h4 Nf7 43. g4 $14) 39. Bb4+ Kf6
$2 $138 {It is possible to explain this mistake only by zeitnot.} (39... Nd6 $8
40. Bd3 Kd7 41. Kg2 {+/=/+/-}) 40. Bd3 {[%csl Rb5]} e5 41. Bxb5 {+/-/+-} e4 42.
Bc3+ Ke7 43. Bc6 Nd6 44. Bd5 {[%csl Yd5][%cal Yd5e6]} Bc5 45. a4 {[%csl Ya4]
[%cal Ya4b5]} e3 46. g4 {[%csl Rd6,Yg4][%cal Yg4f5] It is necessary to limit
knight of the black.} h5 (46... e2 $2 47. Bf3 Ne4 48. Be1 $1 $18 {[%csl Re2]})
47. Kg2 $1 $18 hxg4 48. hxg4 Ne8 49. g5 Nc7 50. Bc4 Ne6 51. Bf6+ Kd7 52. Kf3
Nf8 {[%cal Gf8h7]} 53. Kg4 ({Also good enough:} 53. Be5 $5 Ng6 $140 54. Bg3 $18
) 53... Ng6 (53... Kd6 54. Kf5 Nd7 55. Bc3 Nb6 56. g6 $18 {[%csl Gg6][%cal
Gg6g7,Gg7g8]}) 54. Bd3 Kd6 $2 $138 ({Nor rescues:} 54... Ne7 55. Bb2 {[%csl
Ga4,Gg5][%cal Ga4a5,Gg5g6]}) 55. Bxg6 e2 56. Bc3 Bf2 57. a5 $1 {In result I
shared 3-7 places.} (57. a5 e1=Q 58. Bxe1 Bxe1 59. a6 Bf2 60. Bd3 $18 {[%csl
Ga6,Ya8,Yd3,Gg5]}) 1-0

[Event "Tanta op 1st"]
[Site "Tanta"]
[Date "1997.??.??"]
[Round "9"]
[White "Gurevich, Mikhail"]
[Black "Berelowitsch, Alexander"]
[Result "1-0"]
[WhiteElo "2585"]
[BlackElo "2495"]
[Annotator "Gurevich,M"]
[PlyCount "55"]
[EventDate "1997.??.??"]
[EventType "swiss"]
[EventRounds "10"]
[EventCountry "EGY"]
[SourceTitle "CBM 060"]
[Source "ChessBase"]
[SourceDate "1997.09.29"]
[SourceVersion "1"]
[SourceVersionDate "1997.09.29"]
[SourceQuality "1"]

1. Nf3 Nf6 2. c4 e6 3. Nc3 d5 4. d4 c5 5. cxd5 exd5 6. g3 Nc6 7. Bg2 Be7 8. O-O
O-O 9. Bg5 cxd4 10. Nxd4 h6 11. Bf4 Qb6 (11... Be6 12. Rc1 Rc8 13. Nxe6 fxe6
14. Bh3 Qd7 15. e4 $36 {1-0 Adianto,U-Sandler,L/Genting zt (1) 1995 (31)}) 12.
Be3 $5 Qxb2 13. Nxd5 Nxd5 14. Bxd5 Bh3 (14... Rd8 15. Bxc6 $5 (15. Rb1 Qa3 16.
Nb5 Qa5 17. Qb3 Rxd5 $5 18. Qxd5 Be6 $44) 15... bxc6 16. Qc1 $14 Qxc1 17. Rfxc1
) 15. Rb1 Qa3 16. Rxb7 $1 {TN} Nxd4 17. Qxd4 (17. Bxd4 $5 Bxf1 18. Kxf1 Rac8
19. Kg2 $44 {(/\20.e4,21.Qg4)}) 17... Bxf1 18. Kxf1 $44 Rad8 19. Qe4 $5 {
[/\20.Bb3->>>]} (19. Rxa7 Qd6 $132) 19... a5 (19... Bc5 20. Rxf7 $1 (20. Bf4
Bxf2 $13) 20... Rxf7 21. Bxf7+ Kh8 (21... Kxf7 22. Qc4+ Kf6 23. Bxc5 $16) 22.
Bf4 $16) 20. Bb3 $1 {[/\21.Bxh6,21.Bc2]} Bf6 21. Bc2 $5 (21. Bxh6 $5 Rd4 (21...
gxh6 22. Bc2 $18 (22. Qg6+ Bg7 23. Bxf7+ Kh8 24. Bb3 Qc1+ 25. Kg2 Qb2 $15)) 22.
Qf5 Qd6 23. Bc2 $1 Rd1+ (23... g6 24. Bxf8 Qc6 25. Qf3 $18) 24. Kg2 $1 (24.
Bxd1 Qxd1+ 25. Kg2 Qxe2 $14) 24... Qd5+ 25. Qxd5 Rxd5 26. Bb3 $16) 21... g6 22.
Bb3 $1 (22. Bxh6 Rfe8 (22... Bg7 23. Bxg7 Kxg7 24. Qxg6+ $18) 23. Qc4 Re7 24.
Rxe7 Qxe7 $14 25. Bxg6 $2 Rd4 26. Qc8+ Rd8 $1 $18) 22... Bg7 (22... Kg7 23. Qe6
$1 $18) (22... Bg7 {[#]}) 23. Bxh6 $1 (23. Qxg6 Qxb3 24. Qxg7+ Kxg7 25. Rxb3
$14) 23... Qd6 (23... Bxh6 24. Qxg6+ Bg7 25. Bxf7+ Kh8 26. Qh5+) 24. Bg5 $1 $18
{[/\25.Be7]} Qd4 (24... Rc8 25. Be7) 25. Qxd4 (25. Qxg6 $1 Qd1+ (25... Rd5 26.
Bf6 $3 Qd1+ 27. Bxd1 Rxd1+ 28. Kg2 fxg6 29. Rxg7+ Kh8 30. Rd7+ $18) 26. Kg2
Qxb3 27. Qxg7+ Kxg7 28. Rxb3 $16) 25... Rxd4 26. Be7 Rc8 (26... Re8 27. Bc5 $18
) 27. Ba3 Rdc4 (27... Kh7 28. Rxf7 $18) 28. Bd6 $5 (28. Bxc4 Rxc4 29. Rb5 $18)
1-0

[Event "Bundesliga 9900"]
[Site "Germany"]
[Date "2000.01.09"]
[Round "7.3"]
[White "Gurevich, Mikhail"]
[Black "Bosch, Jeroen"]
[Result "1-0"]
[WhiteElo "2694"]
[BlackElo "2415"]
[Annotator "Gurevich,M"]
[PlyCount "81"]
[EventDate "1999.10.09"]
[EventType "team-tourn"]
[EventRounds "15"]
[EventCountry "GER"]
[SourceTitle "CBM 074 Extra"]
[Source "ChessBase"]
[SourceDate "2000.03.10"]
[SourceVersion "2"]
[SourceVersionDate "2000.03.10"]
[SourceQuality "1"]
[WhiteTeam "Godesberg"]
[BlackTeam "Castrop Rauxel"]
[WhiteTeamCountry "GER"]
[BlackTeamCountry "GER"]

1. c4 e6 2. Nc3 d5 3. d4 c5 4. cxd5 exd5 5. Nf3 Nc6 6. g3 Nf6 7. Bg2 Be7 8. O-O
O-O 9. Bg5 cxd4 10. Nxd4 h6 11. Bf4 Bg4 (11... Qb6 12. Be3 {-69/371}) 12. h3
Be6 13. Nxe6 fxe6 14. e4 d4 15. e5 dxc3 16. exf6 Qxd1 (16... Bxf6 17. bxc3 Bxc3
18. Rb1 Qxd1 19. Rfxd1 Rad8 20. Rxd8 Nxd8 21. Be3 b6 22. Rd1 $44 {0-1 Lobron,
E-Kortschnoj,V/Bad Homburg 1998/CBM 66 (42)}) 17. Rfxd1 Bxf6 18. bxc3 Rad8 (
18... Bxc3 19. Rac1 Be5 20. Bxe5 Nxe5 21. Bxb7 Rab8 22. Rb1 $14 {1-0
Sashikiran,K-Ravi,L/Calcutta IND 1999 (87)}) 19. Rac1 $5 {TN} Rxd1+ (19... Kf7
20. Rd2 $14) (19... Bg5 $5 20. Bxg5 hxg5 21. Bxc6 bxc6 22. Rd4 $14) 20. Rxd1
Bxc3 21. Rd6 $1 $44 (21. Rd7 Rf7 $15) 21... e5 22. Be3 Bd4 23. Rd7 Bxe3 24.
fxe3 $14 Na5 (24... Rb8 25. Bd5+ Kh7 26. Be4+ Kg8 27. Kg2 $36 {(/\Kg2-g6)}) 25.
Bd5+ Kh7 {[/\26...b5,27...Nc4 =]} 26. Re7 $1 Kg6 $2 (26... Rd8 27. e4 (27. Be4+
Kg8) 27... Nc6 28. Rxb7 Nd4 29. Rxa7 Rc8 $14) 27. Rxe5 Nc6 28. Be4+ Kf6 29.
Rf5+ $1 Ke7 30. Rb5 $18 Kd6 (30... Nd8 31. Bxb7 $18) 31. Rxb7 Ne5 32. Rxa7 Nc4
33. Rxg7 Nxe3 34. Bd3 Ke5 35. a4 Rd8 36. Re7+ Kd4 37. Bg6 Nd5 38. Re4+ Kc5 39.
Bf7 Nf6 40. Re6 Rd1+ 41. Kf2 1-0

[Event "Ordzhonikidze zt 1.9"]
[Site "Ordzhonikidze"]
[Date "2000.06.15"]
[Round "7"]
[White "Mikhaletz, Lubomir"]
[Black "Zubarev, Alexander2"]
[Result "1/2-1/2"]
[WhiteElo "2513"]
[BlackElo "2476"]
[Annotator "Hecht,H"]
[PlyCount "125"]
[EventDate "2000.06.09"]
[EventType "swiss"]
[EventRounds "9"]
[EventCountry "UKR"]
[SourceTitle "CBM 078"]
[Source "ChessBase"]
[SourceDate "2000.10.18"]
[SourceVersion "1"]
[SourceVersionDate "2000.10.18"]
[SourceQuality "1"]

1. d4 Nf6 2. Nf3 e6 3. g3 c5 4. Bg2 d5 5. O-O Nc6 6. c4 Be7 7. dxc5 Bxc5 8.
cxd5 exd5 9. Bg5 O-O 10. Nc3 d4 11. Bxf6 Qxf6 12. Ne4 Qe7 13. Nxc5 Qxc5 14. Rc1
Qb6 15. b3 Bg4 16. Qc2 Qa5 17. h3 Be6 18. Rfd1 Rad8 19. Qb2 Rd7 20. a3 d3 21.
b4 Qb5 22. Rc5 Qa4 23. Rxd3 Rxd3 24. exd3 Qd1+ 25. Kh2 Qxd3 26. b5 Na5 27. Ne5
Qd6 28. Rc2 f6 29. Nf3 Nb3 30. Nd2 Nd4 31. Ne4 Qb6 32. Rd2 Nxb5 33. a4 Nc7 34.
Qxb6 axb6 35. Rd6 Bd5 36. Rxb6 Ra8 37. Rb4 Bc6 38. Nc5 Bxg2 39. Kxg2 Na6 40.
Nxa6 Rxa6 41. Kf3 h5 42. Ke4 Ra5 43. Kd4 Kh7 44. Kc3 Rc5+ 45. Kb3 Rc1 46. a5
Rf1 {[#] Schwarz sollte sofort auf den Gewinn des Bb7 spielen.} 47. Rf4 $6 (47.
Ka4 $1 Ra1+ (47... Rxf2 48. Rxb7 Ra2+ 49. Kb5 Ra3 50. a6 Rxg3 51. a7 Ra3 52.
Kb6 Kg6 53. Rb8 Kg5 54. a8=Q Rxa8 55. Rxa8 Kh4 56. Ra3 g5 57. Kc5 g4 58. hxg4
Kxg4 59. Kd4 h4 60. Ke3 Kg3 61. Ra8 $18) 48. Kb5 Ra2 49. Kb6 g5 50. Rb5 Rxf2
51. Kxb7 Ra2 52. a6 Kg6 53. a7 $18) 47... Kg6 48. Ka4 Ra1+ 49. Kb5 Ra2 50. f3
Ra3 51. h4 Kf7 52. g4 hxg4 53. fxg4 g6 54. Rb4 Ke6 55. Kb6 f5 56. gxf5+ gxf5
57. Rb5 f4 58. Kxb7 f3 59. Ka6 f2 60. Rb1 Rb3 61. Rf1 Rb2 62. h5 Kf5 63. h6
1/2-1/2

[Event "EU-chT (Men) 11th"]
[Site "Pula"]
[Date "1997.05.??"]
[Round "2.3"]
[White "Izeta Txabarri, Felix"]
[Black "Frois, Antonio"]
[Result "1-0"]
[WhiteElo "2490"]
[BlackElo "2350"]
[Annotator "Hecht,H"]
[PlyCount "105"]
[EventDate "1997.05.05"]
[EventType "team-swiss"]
[EventRounds "9"]
[EventCountry "CRO"]
[SourceTitle "CBM 057 Extra"]
[Source "ChessBase"]
[SourceDate "1997.05.01"]
[SourceVersion "1"]
[SourceVersionDate "1997.05.01"]
[SourceQuality "1"]
[WhiteTeam "Spain"]
[BlackTeam "Portugal"]
[WhiteTeamCountry "ESP"]
[BlackTeamCountry "POR"]

1. d4 d5 2. c4 e6 3. Nf3 c5 4. cxd5 exd5 5. Nc3 Nc6 6. g3 Nf6 7. Bg2 Be7 8. O-O
O-O 9. Bg5 c4 10. Ne5 Be6 11. Nxc6 bxc6 12. b3 Qa5 13. Qc2 Rfd8 14. bxc4 dxc4
15. Bxf6 Bxf6 16. e3 Rac8 17. Rac1 Be7 18. Rfd1 Ba3 19. Rb1 Bb4 20. Ne4 Rb8 21.
Bf1 c3 22. a3 Bxa3 23. Nxc3 h6 24. Bg2 Bb4 25. Ra1 Qh5 26. Rdc1 c5 27. d5 Bxc3
28. Qxc3 Bxd5 29. Qxc5 Qf5 30. Rxa7 Rdc8 31. Rc7 Rxc7 32. Qxc7 Rb1 33. Bxd5
Rxc1+ 34. Qxc1 Qxd5 35. Qc8+ Kh7 36. Qc2+ g6 37. e4 Qd4 38. Kg2 h5 39. Qc6 Kg7
40. Qd5 Qf6 41. h4 Qc3 42. e5 Qe1 43. Qd4 Kg8 44. Kh2 Qe2 45. Qe3 Qxe3 46. fxe3
{[#] Trotz der schlechten Bauernstruktur gewinnt Weiß mit seinem Mehrbauern
infolge Zugzwang} Kf8 47. Kg2 Ke7 48. Kf3 Ke6 49. Ke4 Ke7 50. Kd5 Kd7 51. e4 $1
(51. e6+ $2 fxe6+ 52. Ke5 Ke7 53. e4 Kf7 54. Kd6 $4 Kf6 55. e5+ Kf5 {und Weiß
ist im tödlichen Zugzwang!}) 51... Ke7 52. e6 fxe6+ (52... f6 53. e5 f5 54. Kc5
Kxe6 55. Kd4 Ke7 56. Kd5 {und gewinnt mit dem Freibauern, da die schwarze
Mehrheit infolge Blockade wertlos ist. Der gewaltsame Versuch mit g5 scheitert
schon an der Quadratregel.}) 53. Kc6 $1 {Sichert den Gewinn durch Verlust
eines Tempos.} (53. Kc6 Kf7 54. Kd7 Kf6 55. Kd6 e5 (55... g5 56. e5+ Kf5 57.
hxg5 Kxg5 58. Kxe6 Kg4 59. Kf6 Kxg3 60. e6 h4 61. e7 h3 62. e8=Q h2 63. Qe4 Kf2
64. Qh1 $18) 56. Kd5 g5 57. Kd6 $1 $18) 1-0

[Event "Politiken Cup 18th"]
[Site "Copenhagen"]
[Date "1996.??.??"]
[Round "7"]
[White "Hutters, Tomas"]
[Black "Ostergaard, Jens"]
[Result "1-0"]
[WhiteElo "2435"]
[BlackElo "2300"]
[Annotator "Hecht,H"]
[PlyCount "125"]
[EventDate "1996.06.??"]
[EventType "swiss"]
[EventRounds "11"]
[EventCountry "DEN"]
[SourceTitle "CBM 054"]
[Source "ChessBase"]
[SourceDate "1996.10.01"]
[SourceVersion "1"]
[SourceVersionDate "1996.10.01"]
[SourceQuality "1"]

1. d4 Nf6 2. c4 e6 3. g3 c5 4. Nf3 cxd4 5. Nxd4 d5 6. Bg2 Nc6 7. O-O Be7 8. Nc3
O-O 9. cxd5 exd5 10. Be3 Bg4 11. h3 Bh5 12. Qa4 Qd7 13. Rfd1 Bb4 14. Nxd5 Nxd5
15. Nxc6 Qxc6 16. Qb3 Bxe2 17. Rdc1 Qd7 18. Qxd5 Qxd5 19. Bxd5 Ba6 20. Rc7 Ba5
21. Re7 Bd8 22. Rd7 Bf6 23. Bxb7 Bxb7 24. Rxb7 Rfb8 25. Rxb8+ Rxb8 26. Rb1 a6
27. b3 Kf8 28. Rc1 Bd8 29. Rc6 Ra8 30. Bb6 Ke8 31. Bxd8 Kxd8 {2-1 Bauern am
D-Flügel bei 3-3 Bauern am K-Flügel Gewinnplan: Annäherung des wK, Belagerung/
Eroberung von a5 schlechte s Verteidigung (siehe Anregung zum 33.Zug)
Vergleiche auch Studienmaterial Endspiel Nr. 39} 32. Kf1 Kd7 33. Rc4 Kd6 (33...
Re8 $142 {[%cal Ye8e6]}) 34. Ke2 h5 35. h4 g6 36. Kd3 Ra7 37. b4 Re7 38. Rc5 f5
39. Rc4 (39. Ra5 $18) 39... Re1 40. Rc3 Rd1+ 41. Ke3 Ra1 42. Ra3 Re1+ 43. Kf3
Rb1 44. Rxa6+ Ke5 45. Ra5+ Kd4 46. a3 Rb2 47. Ra8 Ke5 48. Re8+ Kd5 49. Ke3 Rb3+
50. Kf4 Rxa3 51. Rg8 Ra6 52. Kg5 Ra2 53. f3 Ra3 54. Kf4 Ra6 55. b5 Ra4+ 56. Kg5
Ra3 57. b6 Rb3 58. Kxg6 Rxf3 59. b7 Rxg3+ 60. Kf7 Rb3 61. b8=Q Rxb8 62. Rxb8 f4
63. Kg6 1-0

[Event "Hoogovens op"]
[Site "Wijk aan Zee"]
[Date "1995.01.??"]
[Round "10"]
[White "Van Wely, Loek"]
[Black "Cifuentes Parada, Roberto"]
[Result "1/2-1/2"]
[WhiteElo "2575"]
[BlackElo "2535"]
[Annotator "Hecht,H"]
[PlyCount "120"]
[EventDate "1995.01.??"]
[EventType "swiss"]
[EventRounds "12"]
[EventCountry "NED"]
[SourceTitle "CBM 046"]
[Source "ChessBase"]
[SourceDate "1995.06.01"]
[SourceVersion "1"]
[SourceVersionDate "1995.06.01"]
[SourceQuality "1"]

1. d4 d5 2. c4 e6 3. Nc3 c5 4. cxd5 exd5 5. Nf3 Nf6 6. g3 Nc6 7. Bg2 Be7 8. O-O
O-O 9. Bg5 cxd4 10. Nxd4 h6 11. Be3 Re8 12. Qa4 Na5 13. Qc2 Bg4 14. Rad1 Rc8
15. h3 Bh5 16. Nf5 Bb4 17. g4 Bg6 18. Bd4 b6 19. a3 Bxc3 20. Bxc3 Nc4 21. Kh1
Nxa3 22. bxa3 Bxf5 23. gxf5 Qc7 24. Rd3 d4 25. Rxd4 Qxc3 26. Qxc3 Rxc3 27. e4
Rxa3 28. Rc1 b5 29. Rc5 Ra1+ 30. Kh2 Re1 31. Rxb5 Nxe4 32. Bxe4 R1xe4 33. Rxe4
Rxe4 34. Rb8+ Kh7 35. Rb7 a5 36. Rxf7 Rf4 37. Kg3 Kg8 38. Ra7 $10 {Der aktive
weisse Turm sichert das Remis.} Rxf5 39. h4 h5 40. f3 Kh7 41. Ra6 g6 42. Ra7+
Kh6 43. Kf2 Rf4 44. Rxa5 Rxh4 45. Kg3 $10 {Weiss hält leicht remis.} Rh1 46.
Ra6 Rg1+ 47. Kh2 Rg5 48. Kh3 Rf5 49. Kg3 Kg5 50. f4+ Kh6 51. Rb6 Rd5 52. Ra6
Rd3+ 53. Kg2 (53. Kh4 Rf3 54. Ra4 Kg7 55. Kg5 Rg3+ 56. Kh4 Rg4+ 57. Kh3 Kf6 58.
Ra6+ Kf5 59. Ra5+ Kxf4 60. Ra4+ Kg5 61. Rxg4+ hxg4+ 62. Kg3 Kf5 63. Kh4 g3 64.
Kxg3 Kg5 $19) 53... Kg7 54. Rb6 Kf7 55. Kf2 Rd8 56. Kf3 Rd3+ 57. Kf2 h4 58. Kg2
Kg7 59. Ra6 Rg3+ (59... h3+ 60. Kh2 Rf3 61. Rb6 Kh6 62. f5 $10) 60. Kf2 Rg4
1/2-1/2